000 00928nam a22002777a 4500
001 9862
003 FISKH
005 20260310090517.0
008 260310b cb ||||| |||| 00| 0 eng d
020 _a9780439210447
040 _aFISKH
_beng
_cFISKH
_dFISKH
050 _aQA115 .T357
082 _a513.213
100 _aTang, Greg
_eAuthor
245 _aThe best of times :
_bMath strategies that multiply /
_cBy Greg Tang ; illustrated by Harry Briggs
260 _aNew York :
_bScholastic Press ,
_c2002
300 _a32 unnumbered pages :
_bcolor illustrations ;
_c26 cm
505 _aL
520 _aSimple rhymes offer hints on how to multiply any number by zero through ten without memorizing the multiplication tables.
521 8 _a520
_bLexile AD
521 8 _aL
_bRaz-Plus
650 _aMath stories
_vMath strategies
700 _aBriggs, Harry
_eIllustrator
942 _2ddc
_cBK
_n0
999 _c9862
_d9862